Fitness acuático
Kaydedildi:
| Asıl Yazarlar: | , |
|---|---|
| Materyal Türü: | Kitap |
| Dil: | İspanyolca |
| Baskı/Yayın Bilgisi: |
Barcelona
INDE
2001
|
| Edisyon: | 1a. ed |
| Seri Bilgileri: | Colección Fitness
|
| Konular: | |
| Etiketler: |
Etiketle
Etiket eklenmemiş, İlk siz ekleyin!
|
MARC
| LEADER | 00000nam a2200000 a 4500 | ||
|---|---|---|---|
| 001 | UCK3386 | ||
| 003 | CL-VaPUC | ||
| 008 | 050422e20010000SP |||||||||||||||||spa|d | ||
| 020 | |a 849511495X | ||
| 082 | 0 | 4 | |a 613.71 |b COL |2 21 |
| 100 | 0 | |a Colado Sánchez, Juan Carlos |e author |9 491446 | |
| 700 | |a Moreno Murcia, Juan Antonio |e author |9 491454 | ||
| 245 | 1 | 0 | |a Fitness acuático |
| 250 | |a 1a. ed | ||
| 300 | |a 276 p | ||
| 942 | |c BK | ||
| 945 | |d 20050422 00:00:00 |a jcarroza | ||
| 260 | |a Barcelona |b INDE |c 2001 | ||
| 650 | 7 | |a EJERCICIOS ACUATICOS |2 CL-VaPUC |9 426601 | |
| 650 | 0 | |a Natación |9 307454 | |
| 650 | 7 | |a EJERCICIOS MUSCULARES |2 CL-VaPUC |9 308842 | |
| 650 | 7 | |a FITNESS |2 CL-VaPUC |9 469781 | |
| 583 | |a last modification |c 20050422 00:00:00 |k Rodrigo Vera | ||
| 490 | 0 | |a Colección Fitness | |
| 999 | |c 312586 |d 312584 | ||
| 952 | |0 0 |1 0 |4 0 |6 613_710000000000000_COL_2001 |7 0 |8 A |9 383111 |a BIBEDU |b BIBEDU |d 2019-11-21 |i 4113683 |o 613.71 COL 2001 |p 4113683 |r 2019-11-21 |w 2019-11-21 |y BK |k EFI | ||
| 952 | |0 0 |1 0 |4 0 |6 613_710000000000000_COL_2001 |7 0 |8 A |9 383112 |a BIBEDU |b BIBEDU |d 2019-11-21 |i 4117484 |o 613.71 COL 2001 |p 4117484 |r 2019-11-21 |w 2019-11-21 |y BK |k EFI | ||